000 00511nam a2200181Ia 4500
008 100917s9999 xx 000 0 und d
082 _b44765
100 _aकाकोडकर चंद्रकांत
245 _aखानदान
260 _bचंद्रकांत प्रकाशन
_c1974
300 _a171
365 _b12
520 _aकादंबरी
630 _aखानदान
650 _aकादंबरी
730 _aखानदान
942 _cBOOK
999 _c650159
_d650156